000 00488cam a22001097a 4500
008 180718b1978 xxu||||| |||| 00| 0 eng d
082 _at3103x54 In2rep
245 _aReport of the high-powered expert committee on companies and mrtp acts
_cby Ministry of Law, Justics and Company Affairs, Department of Company Affairs. India
260 _aNew Delhi
_bGovernment of India
_c1978
300 _a268+p.
700 _aIndia.Department of Company Affairs.Ministry of Law, Justics and Company Affairs
999 _c497917
_d497917